Radiohead Lyrics - No Hints #15 - Statistics

General Stats
  • This quiz has been taken 77 times
  • The average score is 43 of 95
Answer Stats
Answer % Correct
I
96%
I
96%
I
96%
I
96%
I
96%
I
96%
I
96%
a
91%
a
91%
a
91%
the
85%
the
85%
the
85%
the
85%
the
85%
the
85%
the
85%
an
76%
An
76%
an
76%
an
76%
an
76%
and
67%
am
62%
am
62%
am
62%
am
62%
am
62%
am
62%
to
60%
to
60%
to
60%
to
60%
In
58%
In
58%
In
58%
In
58%
In
58%
In
58%
In
58%
In
58%
In
58%
my
42%
I'm
40%
I'm
40%
Of
40%
that
38%
life
25%
world
25%
airbag
24%
born
24%
born
24%
born
24%
deep,
24%
deep
24%
interstellar
24%
interstellar
24%
interstellar
24%
interstellar
24%
next
24%
save
24%
save
24%
save
24%
save
24%
saved
24%
up
24%
war
24%
again
22%
again
22%
again
22%
car
22%
down
22%
survived
22%
amazed
20%
back
20%
back
20%
back
20%
back
20%
fast
18%
German
18%
juggernaut
18%
jackknifed
16%
universe
16%
universe
16%
universe
16%
universe
16%
burst
15%
burst
15%
burst
15%
burst
15%
neon
15%
Scrolling
15%
sign
15%
sleep
15%
innocent
11%
No matching quizzes found
Score Distribution
Percent of People with Each Score
Percentile by Number Answered
Your Score History
You have not taken this quiz